zpět

Detail výsledku týmu

The Pub Praha 2 PO, Praha

Datum a čas kvízu

29 Celkem bodů Celkový počet nahraných bodů na tomto kvízu bez doplňovacích otázek.
10. Pořadí na kvízu Konečné umístění týmu na tomto kvízu.

Zaznamenané odpovědi

# Otázka Odpověď Body Výsledky
1. Který z bývalých českých premi... Jiří Paroubek 0
2. Minulý týden byl zveřejněn žeb... Karlův most 1
3. Česká herečka a zpěvačka Eva B... Tristan William 0
4. Společnost Slovalco se sídlem... hliník 0
5. Adam Ondra vybojoval na mistro... Německo, Mnichov 0.5
6. V tomto tématu se budeme věnov... Otradovic 1
7. Přiřaďte následující skladatel... 1B 2D 3A 4C 0
8. Po přistání na povrchu Měsíce... Antonín Dvořák, Symfonie č. 9 0.5
9. Tento muž byl hercem, písničká... Karel Hašler 1
10. Nepřehlédnutelnou dominantou p... Petr Hapka 1